|
|
|
|
| LEADER |
00000nab#a22000007a#4500 |
| 001 |
arbauad037223 |
| 003 |
AR-BaUAD |
| 005 |
20250711112929.0 |
| 008 |
990616|||||||||###||||||b###|0###a|spa|| |
| 040 |
|
|
|a AR-BaUAD
|c AR-BaUAD
|b spa
|
| 245 |
1 |
0 |
|a Zur Präsentation
|
| 300 |
0 |
|
|b fot., axonom.
|
| 653 |
|
|
|a CITTERIO, ANTONIO
|
| 653 |
|
|
|a OLIVER LOW, GLEN
|
| 653 |
|
|
|a D'ART DESIGN GRUPPE
|
| 653 |
|
|
|a HEIDE, ROLF
|
| 653 |
|
|
|a RAHE-RAHE DESIGN
|
| 653 |
|
|
|a LEITNER, BURKHARDT
|
| 653 |
|
|
|a THIEL, DIETER
|
| 653 |
|
|
|a EQUIPAMIENTO
|
| 653 |
|
|
|a EXPOSICIONES
|
| 653 |
|
|
|a STANDS
|
| 653 |
|
|
|a VIDRIERAS
|
| 653 |
|
|
|a DISPLAYS
|
| 653 |
|
|
|a PANELES
|
| 653 |
|
|
|a SISTEMAS
|
| 653 |
|
|
|a ESTRUCTURAS RETICULARES ESPACIALES
|
| 653 |
|
|
|a ILUMINACION
|
| 653 |
|
|
|a DISEÑO INDUSTRIAL
|
| 653 |
|
|
|a EXHIBIDORES
|
| 773 |
0 |
|
|t MD moebel design
|g no. 5 [1999], p. 34-54
|
| 942 |
|
|
|c ARTI
|
| 952 |
|
|
|0 0
|1 0
|4 0
|7 0
|9 82142
|a AR-BAuAD
|b AR-BAuAD
|d 2025-07-11
|l 0
|p AAQA037223
|r 2025-07-11 11:29:29
|w 2025-07-11
|y ARTI
|
| 990 |
|
|
|a AQ199
|b TD
|
| 990 |
|
|
|a DI199
|b TD
|
| 998 |
|
|
|a AAQ
|b BIBUN76
|
| 999 |
|
|
|c 61815
|d 61815
|